00580 2200193 4500001002100000005001500021035002000036007000300056008004100059020002200100082001100122084001800133100001800151245009600169250001100265260003400276300003400310650004200344INLIS00000000000206120260307095552 a0010-0326000010ta260307 g 0 ind  a978-602-251-502-9 a808.02 a808.02 SAI f0 aSaiful Rohman1 aFollow Your Passion : Be a Writer :bStrategi Alkemis untuk Sukses Menulis /cSaiful Rohman aCet. 1 aJakarta :bPT Grasindo,c2014 a144 hlm. :b- ;c13.5 x 20 cm aStrategi Alkemis untuk Sukses Menulis